The Nine Muses - Picture Quiz - Statistics

General Stats
  • This quiz has been taken 22 times
  • The average score is 6 of 9
Answer Stats
Picture Hint Answer % Correct
History Clio
89%
Epic Poetry Calliope
78%
Love Poetry Erato
67%
Music/Song Euterpe
67%
Tragedy Melpomene
56%
Hymns/Sacred Poetry Polyhymnia
56%
Dance Terpsichore
56%
Comedy Thalia
44%
Astronomy Urania
44%
No matching quizzes found
Score Distribution
Percent of People with Each Score
Percentile by Number Answered
Your Score History
You have not taken this quiz